00763nam a22002177a 450000500170000001000150001702000270003203500140005903700090007308200120008224500890009426000590018327001170024230000350035949000110039470000230040570000350042870000270046370000280049070000270051820240909143524.0 aENG-141679 a9788196533212c1296.00 aEN-125211 bDBAD a581.954 aFlora of India:bGesneriaceac-Acanthaceac/cEdited by P. Lakshminarasimhan...[et.al] aKolkatabThe Director, Botanical Survey of Indiac2023 aCGO Complex, 3rd MSO Building, Block - F, 5th & 6th Floor, DF - Block, Sector-1, Salt Lake CitybKolkatae700064 acxx,830p. c25cm.(Hb)bcol,ill vVol-20 aMao, A.A. eEditor aLakshminarasimhan, P. eEditor aArisdasaon, W.eEditor aKarthigeyan, K.eEditor aKrishna, GopaleEditor